| 000 | 02067nam a22002777a 4500 | ||
|---|---|---|---|
| 999 |
_c57859 _d57859 |
||
| 003 | Ge_BSU | ||
| 005 | 20220920171428.0 | ||
| 008 | 210318s2008 ge ||||| |||| 00| 0 geo d | ||
| 041 | _ageo | ||
| 080 | _a81 ჭ-94 | ||
| 100 |
_aჭყონია, ლიანა _97868 |
||
| 245 |
_aფრაზეოლოგიზმები და მათი უნივერსალობის საკითხი არამონათესავე ენებში თარგმანის საფუძველზე : დისერტაცია/ _cლიანა ჭყონია; სამეცნ. ხელმძღვ. რ. კომახიძე; ბსუ; ჰუმანიტარულ მეცნიერებათა ფაკ-ტი, ქართული ფილოლოგიის დეპარტასმენტი. |
||
| 264 |
_aბათუმი, _c2008. |
||
| 300 |
_a132 გვ. ; _b30 სმ. |
||
| 504 | _a ბიბლიოგრ.: გვ. 116-119 | ||
| 653 | _a ქართული ენის ფრაზეოლოგია | ||
| 653 | _aდისერტაცია | ||
| 653 | _aფრაზეოლოგიზმები და მათი უნივერსალობის საკითხი არამონათესავე ენებში თარგმანის საფუძველზე | ||
| 653 | _aთურქული ენის ფრაზეოლოგია | ||
| 653 | _aრუსული ენის ფრაზეოლოგია | ||
| 653 | _aინგლისური ენის ფრაზეოლოგია | ||
| 653 | _aთარგმანის თეორია | ||
| 700 |
_aკომახიძე, რ. _eსამეცნიერო ხელმძღვანელი _910692 |
||
| 710 |
_aბსუ _bჰუმანიტარულ მეცნიერებათა ფაკ-ტი, ქართული ფილოლოგიის დეპ-ტი _910556 |
||
| 942 |
_2udc _cBK |
||